00692nam a2200181Ia 4500008004100000020001500041041001200056082001600068100002300084245011300107260003400220300000800254650001500262700002600277942000700303999001500310952018500325221030s9999 xx 000 0 und d a8185099146 aEnglish a105.23bCho aS. K. H. Choudhury 0aElements of Workshop Technology Vol -1 Manufacturing Processoscby S. K. H. Choudhury, A. K. Hajra Choudhury bMedia PromotersaMumbaic1998 a653 aMechanical aA. K. Hajra Choudhury cBK c5749d5749 pBE 1435g160.00l1o105.23 Chor2024-06-13 00:00:00s2023-08-17w2022-10-30yBK003Print4070aMIETLIBbMIETLIBcBL-Academic Block - A, FL-1, CUP-52, SH-1, R-1d2000-05-0410HBE